[Event "DEM U10w 2021"]
[Site "Willingen GER"]
[Date "2021.08.24"]
[Round "4"]
[White "Leicher, Anna"]
[Black "Glotz, Katharina"]
[Result "1-0"]
[Termination "normal"]
[Board "10"]
[WhiteElo "1249"]
[BlackElo "1081"]
[WhiteClock "01:01:57"]
[BlackClock "00:35:27"]
[PlyCount "109"]
[WhiteFideId "34614966"]
[BlackFideId "34631011"]
[EventCountry "GER"]
[EventRounds "11"]
[EventType "swiss"]
[EventDate "2021.08.22"]

1. e4 {[%clk 01:15:58]} {[%emt 00:00:02]} c5 {[%clk 01:15:52]} {[%emt
00:00:07]} 2. Nf3 {[%clk 01:16:21]} {[%emt 00:00:07]} Nc6 {[%clk 01:16:16]}
{[%emt 00:00:07]} 3. Bb5 {[%clk 01:16:37]} {[%emt 00:00:15]} a6 {[%clk
01:15:29]} {[%emt 00:01:16]} 4. Bxc6 {[%clk 01:16:45]} {[%emt 00:00:22]} bxc6
{[%clk 01:14:50]} {[%emt 00:01:08]} 5. d4 {[%clk 01:16:21]} {[%emt 00:00:55]}
cxd4 {[%clk 01:14:29]} {[%emt 00:00:51]} 6. Qxd4 {[%clk 01:16:05]} {[%emt
00:00:45]} Nf6 {[%clk 01:14:09]} {[%emt 00:00:50]} 7. e5 {[%clk 01:16:06]}
{[%emt 00:00:29]} Nd5 {[%clk 01:12:48]} {[%emt 00:01:51]} 8. O-O {[%clk
01:14:33]} {[%emt 00:02:04]} g6 {[%clk 01:12:15]} {[%emt 00:01:02]} 9. e6
{[%clk 01:14:32]} {[%emt 00:00:32]} Nf6 {[%clk 01:11:54]} {[%emt 00:00:50]} 10.
exf7+ {[%clk 01:14:25]} {[%emt 00:00:38]} Kxf7 {[%clk 01:12:02]} {[%emt
00:00:21]} 11. Ng5+ {[%clk 01:14:13]} {[%emt 00:00:43]} Kg8 {[%clk 01:11:13]}
{[%emt 00:01:19]} 12. Qc4+ {[%clk 01:14:13]} {[%emt 00:00:30]} Nd5 {[%clk
01:11:27]} {[%emt 00:00:14]} 13. Nc3 {[%clk 01:14:06]} {[%emt 00:00:38]} Bb7
{[%clk 01:10:23]} {[%emt 00:01:33]} 14. Nxd5 {[%clk 01:12:05]} {[%emt
00:02:32]} cxd5 {[%clk 01:09:57]} {[%emt 00:00:56]} 15. Qf4 {[%clk 01:12:12]}
{[%emt 00:00:22]} Qe8 {[%clk 01:09:26]} {[%emt 00:01:00]} 16. c4 {[%clk
01:12:09]} {[%emt 00:00:35]} e5 {[%clk 01:05:09]} {[%emt 00:04:46]} 17. Qf3
{[%clk 01:11:18]} {[%emt 00:01:21]} e4 {[%clk 01:03:54]} {[%emt 00:01:47]} 18.
Qf4 {[%clk 01:11:39]} {[%emt 00:00:07]} dxc4 {[%clk 01:03:02]} {[%emt
00:01:23]} 19. f3 {[%clk 01:11:35]} {[%emt 00:00:35]} Bh6 {[%clk 01:01:48]}
{[%emt 00:01:41]} 20. fxe4 {[%clk 01:11:22]} {[%emt 00:00:46]} Bxe4 {[%clk
01:01:19]} {[%emt 00:00:57]} 21. Nxe4 {[%clk 01:10:02]} {[%emt 00:01:51]} Bxf4
{[%clk 01:00:14]} {[%emt 00:01:35]} 22. Nf6+ {[%clk 01:10:03]} {[%emt
00:00:30]} Kg7 {[%clk 01:00:24]} {[%emt 00:00:18]} 23. Nxe8+ {[%clk 01:10:24]}
{[%emt 00:00:09]} Raxe8 {[%clk 01:00:32]} {[%emt 00:00:23]} 24. Bxf4 {[%clk
01:10:37]} {[%emt 00:00:17]} Re2 {[%clk 00:57:54]} {[%emt 00:03:07]} 25. Bg5
{[%clk 01:07:22]} {[%emt 00:03:45]} Rhe8 {[%clk 00:54:52]} {[%emt 00:03:32]}
26. b3 {[%clk 01:07:25]} {[%emt 00:00:29]} cxb3 {[%clk 00:54:02]} {[%emt
00:01:20]} 27. axb3 {[%clk 01:07:40]} {[%emt 00:00:14]} d5 {[%clk 00:53:52]}
{[%emt 00:00:41]} 28. Rxa6 {[%clk 01:07:44]} {[%emt 00:00:26]} d4 {[%clk
00:53:43]} {[%emt 00:00:38]} 29. Bf6+ {[%clk 01:07:58]} {[%emt 00:00:16]} Kh6
{[%clk 00:54:07]} {[%emt 00:00:06]} 30. Bxd4 {[%clk 01:07:27]} {[%emt
00:01:01]} Kh5 {[%clk 00:50:21]} {[%emt 00:04:16]} 31. Ra5+ {[%clk 01:07:05]}
{[%emt 00:00:53]} Kh6 {[%clk 00:47:45]} {[%emt 00:03:05]} 32. Rf4 {[%clk
01:05:55]} {[%emt 00:01:41]} Re1+ {[%clk 00:46:28]} {[%emt 00:01:45]} 33. Kf2
{[%clk 01:06:17]} {[%emt 00:00:09]} g5 {[%clk 00:43:40]} {[%emt 00:03:18]} 34.
Rf6+ {[%clk 01:05:50]} {[%emt 00:00:57]} Kh5 {[%clk 00:43:04]} {[%emt
00:01:05]} 35. h3 {[%clk 01:04:12]} {[%emt 00:02:05]} R8e6 {[%clk 00:42:02]}
{[%emt 00:01:35]} 36. Rxe6 {[%clk 01:00:55]} {[%emt 00:03:48]} Rxe6 {[%clk
00:42:17]} {[%emt 00:00:14]} 37. Be3 {[%clk 01:01:03]} {[%emt 00:00:23]} h6
{[%clk 00:41:25]} {[%emt 00:01:21]} 38. b4 {[%clk 01:00:49]} {[%emt 00:00:47]}
Rf6+ {[%clk 00:41:12]} {[%emt 00:00:41]} 39. Kg3 {[%clk 01:00:48]} {[%emt
00:00:31]} Re6 {[%clk 00:41:10]} {[%emt 00:00:32]} 40. Bf2 {[%clk 01:00:57]}
{[%emt 00:00:22]} Re4 {[%clk 00:39:20]} {[%emt 00:02:18]} 41. b5 {[%clk
01:01:05]} {[%emt 00:00:25]} Re5 {[%clk 00:39:05]} {[%emt 00:00:41]} 42. Kf3
{[%clk 01:00:31]} {[%emt 00:01:05]} Kg6 {[%clk 00:37:35]} {[%emt 00:02:01]} 43.
Ra6+ {[%clk 01:00:29]} {[%emt 00:00:33]} Kf7 {[%clk 00:37:49]} {[%emt
00:00:14]} 44. b6 {[%clk 01:00:53]} {[%emt 00:00:08]} Re6 {[%clk 00:38:04]}
{[%emt 00:00:13]} 45. Ra7+ {[%clk 01:01:16]} {[%emt 00:00:09]} Kg6 {[%clk
00:37:26]} {[%emt 00:01:07]} 46. Ra8 {[%clk 01:00:48]} {[%emt 00:00:59]} Re7
{[%clk 00:36:28]} {[%emt 00:01:27]} 47. Ra7 {[%clk 01:00:50]} {[%emt 00:00:28]}
Re6 {[%clk 00:36:38]} {[%emt 00:00:19]} 48. b7 {[%clk 01:00:22]} {[%emt
00:00:59]} Re8 {[%clk 00:36:43]} {[%emt 00:00:24]} 49. Ra8 {[%clk 01:00:40]}
{[%emt 00:00:14]} Rxa8 {[%clk 00:36:50]} {[%emt 00:00:21]} 50. bxa8=Q {[%clk
01:00:51]} {[%emt 00:00:21]} Kh7 {[%emt 00:00:55]} 51. Qf8 {[%clk 01:01:08]}
Kg6 {[%clk 00:36:26]} {[%emt 00:00:40]} 52. g4 {[%clk 01:01:06]} {[%emt
00:00:34]} h5 {[%clk 00:35:38]} {[%emt 00:01:18]} 53. Bd4 {[%clk 01:01:23]}
{[%emt 00:00:12]} hxg4+ {[%clk 00:35:26]} {[%emt 00:00:42]} 54. hxg4 {[%clk
01:01:33]} {[%emt 00:00:21]} Kh7 {[%clk 00:35:27]} {[%emt 00:00:29]} 55. Qg7#
{[%clk 01:01:57]} {[%emt 00:00:06]} 1-0

[Event "DEM U10w 2021"]
[Site "Willingen GER"]
[Date "2021.08.24"]
[Round "4"]
[White "Rößler, Helena"]
[Black "Bacakova, Klara"]
[Result "0-1"]
[Termination "normal"]
[Board "11"]
[WhiteElo "1123"]
[BlackElo "955"]
[WhiteClock "00:42:36"]
[BlackClock "00:38:34"]
[PlyCount "70"]
[WhiteFideId "16266692"]
[BlackFideId "34605762"]
[EventCountry "GER"]
[EventRounds "11"]
[EventType "swiss"]
[EventDate "2021.08.22"]

1. e4 {[%clk 01:15:57]} {[%emt 00:00:02]} c5 {[%clk 01:15:35]} {[%emt
00:00:25]} 2. Nf3 {[%clk 01:16:21]} {[%emt 00:00:06]} e6 {[%clk 01:15:57]}
{[%emt 00:00:09]} 3. d4 {[%clk 01:16:40]} {[%emt 00:00:11]} cxd4 {[%clk
01:16:18]} {[%emt 00:00:09]} 4. Nxd4 {[%clk 01:16:45]} {[%emt 00:00:25]} Nf6
{[%clk 01:16:36]} {[%emt 00:00:11]} 5. Nc3 {[%clk 01:17:06]} {[%emt 00:00:10]}
Bb4 {[%clk 01:16:48]} {[%emt 00:00:17]} 6. Bd3 {[%clk 01:14:03]} {[%emt
00:03:33]} Nc6 {[%clk 01:15:02]} {[%emt 00:02:15]} 7. Nxc6 {[%clk 01:10:14]}
{[%emt 00:04:20]} bxc6 {[%clk 01:12:29]} {[%emt 00:03:04]} 8. O-O {[%clk
01:08:07]} {[%emt 00:02:35]} O-O {[%clk 01:09:09]} {[%emt 00:03:50]} 9. Bd2
{[%clk 01:07:12]} {[%emt 00:01:27]} d5 {[%clk 01:07:56]} {[%emt 00:01:44]} 10.
exd5 {[%clk 01:05:15]} {[%emt 00:02:26]} cxd5 {[%clk 01:08:13]} {[%emt
00:00:13]} 11. a3 {[%clk 01:03:03]} {[%emt 00:02:42]} Be7 {[%clk 01:06:02]}
{[%emt 00:02:41]} 12. Qf3 {[%clk 01:00:01]} {[%emt 00:03:31]} e5 {[%clk
01:04:53]} {[%emt 00:01:39]} 13. Qg3 {[%clk 00:56:55]} {[%emt 00:03:35]} e4
{[%clk 01:03:41]} {[%emt 00:01:44]} 14. Bh6 {[%clk 00:56:59]} {[%emt 00:00:24]}
Nh5 {[%clk 01:02:49]} {[%emt 00:01:23]} 15. Qe3 {[%clk 00:54:30]} {[%emt
00:02:28]} exd3 {[%clk 01:00:58]} {[%emt 00:02:52]} 16. Bf4 {[%clk 00:53:10]}
{[%emt 00:01:49]} d4 {[%clk 00:57:06]} {[%emt 00:04:24]} 17. Qxd3 {[%clk
00:51:56]} {[%emt 00:01:43]} dxc3 {[%clk 00:55:20]} {[%emt 00:02:17]} 18. Bc1
{[%clk 00:51:28]} {[%emt 00:00:57]} Qxd3 {[%clk 00:54:09]} {[%emt 00:01:42]}
19. cxd3 {[%clk 00:51:26]} {[%emt 00:00:32]} Bf6 {[%clk 00:53:57]} {[%emt
00:00:42]} 20. Rd1 {[%clk 00:49:03]} {[%emt 00:02:52]} cxb2 {[%clk 00:53:02]}
{[%emt 00:01:25]} 21. Rb1 {[%clk 00:48:52]} {[%emt 00:00:41]} bxc1=Q {[%emt
00:01:29]} 22. Rbxc1 {[%emt 00:00:23]} Bb7 {[%clk 00:50:30]} {[%emt 00:01:10]}
23. Rc7 {[%clk 00:49:09]} {[%emt 00:00:14]} Rab8 {[%clk 00:49:09]} {[%emt
00:01:51]} 24. Rb1 {[%clk 00:49:16]} {[%emt 00:00:22]} Ba6 {[%clk 00:48:46]}
{[%emt 00:00:54]} 25. Rd1 {[%clk 00:49:09]} {[%emt 00:00:34]} Bxd3 {[%clk
00:48:18]} {[%emt 00:01:01]} 26. g3 {[%clk 00:46:27]} {[%emt 00:03:11]} Rb1
{[%clk 00:47:42]} {[%emt 00:01:05]} 27. Rxb1 {[%clk 00:44:56]} {[%emt
00:02:03]} Bxb1 {[%clk 00:46:27]} {[%emt 00:01:44]} 28. Rc5 {[%emt 00:00:17]}
g6 {[%emt 00:01:09]} 29. Rc1 {[%clk 00:43:27]} {[%emt 00:00:34]} Rb8 {[%clk
00:44:36]} {[%emt 00:02:20]} 30. Rc4 {[%clk 00:43:28]} {[%emt 00:00:26]} Bb2
{[%clk 00:41:15]} {[%emt 00:03:54]} 31. g4 {[%clk 00:43:36]} {[%emt 00:00:23]}
Nf6 {[%clk 00:41:12]} {[%emt 00:00:33]} 32. Rc6 {[%clk 00:43:31]} {[%emt
00:00:34]} Rd8 {[%clk 00:41:01]} {[%emt 00:00:41]} 33. Ra6 {[%clk 00:43:18]}
{[%emt 00:00:43]} Nxg4 {[%clk 00:39:05]} {[%emt 00:02:26]} 34. Rxa7 {[%clk
00:42:33]} {[%emt 00:01:16]} Be4 {[%clk 00:38:39]} {[%emt 00:00:55]} 35. Re7
{[%clk 00:42:36]} {[%emt 00:00:28]} Rd1# {[%clk 00:38:34]} {[%emt 00:00:34]}
0-1

[Event "DEM U10w 2021"]
[Site "Willingen GER"]
[Date "2021.08.24"]
[Round "4"]
[White "Tu, Audrey"]
[Black "Rössling, Laura Marie"]
[Result "0-1"]
[Termination "normal"]
[Board "12"]
[WhiteElo "913"]
[BlackElo "1094"]
[WhiteClock "00:09:22"]
[BlackClock "00:23:34"]
[PlyCount "210"]
[WhiteFideId "34628568"]
[BlackFideId "16289471"]
[EventCountry "GER"]
[EventRounds "11"]
[EventType "swiss"]
[EventDate "2021.08.22"]

1. e4 {[%clk 00:00:00]} {[%emt 04:52:33]} e5 {[%clk 00:00:00]} {[%emt
00:00:13]} 2. Nf3 {[%clk 01:16:15]} {[%emt 00:01:45]} Nc6 {[%clk 01:16:24]}
{[%emt 00:00:05]} 3. Bc4 {[%clk 01:16:40]} {[%emt 00:00:05]} Nf6 {[%clk
01:16:47]} {[%emt 00:00:07]} 4. d3 {[%clk 01:16:49]} {[%emt 00:00:20]} Bc5
{[%clk 01:17:07]} {[%emt 00:00:11]} 5. O-O {[%clk 01:17:08]} {[%emt 00:00:11]}
O-O {[%clk 01:17:25]} {[%emt 00:00:11]} 6. c3 {[%clk 01:17:26]} {[%emt
00:00:12]} d5 {[%clk 01:17:42]} {[%emt 00:00:13]} 7. exd5 {[%clk 01:16:57]}
{[%emt 00:01:00]} Nxd5 {[%clk 01:17:53]} {[%emt 00:00:19]} 8. Re1 {[%clk
01:15:45]} {[%emt 00:01:40]} Nb6 {[%clk 01:16:26]} {[%emt 00:01:58]} 9. Bb3
{[%clk 01:15:01]} {[%emt 00:01:14]} Nd7 {[%clk 01:09:45]} {[%emt 00:07:11]} 10.
Nbd2 {[%clk 01:14:08]} {[%emt 00:01:24]} h6 {[%clk 01:05:16]} {[%emt 00:04:59]}
11. Nf1 {[%clk 01:11:47]} {[%emt 00:02:52]} Re8 {[%clk 00:54:29]} {[%emt
00:11:16]} 12. Ng3 {[%clk 01:11:28]} {[%emt 00:00:49]} Nf6 {[%clk 00:52:57]}
{[%emt 00:02:02]} 13. Bc2 {[%clk 01:05:52]} {[%emt 00:06:06]} Ng4 {[%clk
00:47:25]} {[%emt 00:06:02]} 14. Re2 {[%clk 01:04:33]} {[%emt 00:01:48]} Bxf2+
{[%clk 00:43:45]} {[%emt 00:04:11]} 15. Rxf2 {[%clk 01:00:42]} {[%emt
00:04:21]} Nxf2 {[%clk 00:43:56]} {[%emt 00:00:19]} 16. Kxf2 {[%clk 01:01:02]}
{[%emt 00:00:08]} Bg4 {[%clk 00:42:15]} {[%emt 00:02:13]} 17. Bb3 {[%clk
00:58:48]} {[%emt 00:02:44]} Na5 {[%clk 00:42:05]} {[%emt 00:00:39]} 18. Bc2
{[%clk 00:58:03]} {[%emt 00:01:15]} Re6 {[%clk 00:41:19]} {[%emt 00:01:16]} 19.
b4 {[%clk 00:55:03]} {[%emt 00:03:31]} Bxf3 {[%clk 00:40:41]} {[%emt 00:01:08]}
20. gxf3 {[%clk 00:53:45]} {[%emt 00:01:47]} Qh4 {[%clk 00:39:59]} {[%emt
00:01:12]} 21. Kg2 {[%clk 00:49:33]} {[%emt 00:04:42]} Nc6 {[%clk 00:39:43]}
{[%emt 00:00:47]} 22. Qe1 {[%clk 00:48:08]} {[%emt 00:01:54]} Rae8 {[%clk
00:38:30]} {[%emt 00:01:44]} 23. Qf2 {[%clk 00:46:39]} {[%emt 00:01:58]} b6
{[%clk 00:35:22]} {[%emt 00:03:39]} 24. b5 {[%clk 00:45:10]} {[%emt 00:01:59]}
Ne7 {[%clk 00:35:22]} {[%emt 00:00:30]} 25. d4 {[%clk 00:43:58]} {[%emt
00:01:41]} Ng6 {[%clk 00:34:23]} {[%emt 00:01:29]} 26. Nf5 {[%clk 00:39:34]}
{[%emt 00:04:54]} Qxf2+ {[%clk 00:34:34]} {[%emt 00:00:20]} 27. Kxf2 {[%clk
00:39:50]} {[%emt 00:00:14]} exd4 {[%clk 00:34:34]} {[%emt 00:00:30]} 28. Nxd4
{[%clk 00:39:56]} {[%emt 00:00:24]} R6e7 {[%clk 00:34:03]} {[%emt 00:01:01]}
29. Bxg6 {[%clk 00:39:27]} {[%emt 00:00:58]} fxg6 {[%clk 00:34:17]} {[%emt
00:00:16]} 30. a4 {[%clk 00:36:54]} {[%emt 00:03:04]} c5 {[%clk 00:34:02]}
{[%emt 00:00:45]} 31. Nc6 {[%clk 00:36:39]} {[%emt 00:00:45]} Re2+ {[%clk
00:34:11]} {[%emt 00:00:21]} 32. Kg1 {[%clk 00:34:10]} {[%emt 00:02:59]} Re1+
{[%clk 00:34:15]} {[%emt 00:00:26]} 33. Kf2 {[%clk 00:34:12]} {[%emt 00:00:27]}
R8e2+ {[%clk 00:34:31]} {[%emt 00:00:14]} 34. Kg3 {[%clk 00:34:30]} {[%emt
00:00:13]} Rg1+ {[%clk 00:34:43]} {[%emt 00:00:18]} 35. Kf4 {[%clk 00:34:34]}
{[%emt 00:00:26]} g5+ {[%clk 00:34:16]} {[%emt 00:00:57]} 36. Kf5 {[%clk
00:34:39]} {[%emt 00:00:25]} Rf2 {[%clk 00:33:16]} {[%emt 00:01:29]} 37. Ne7+
{[%clk 00:33:40]} {[%emt 00:01:30]} Kf7 {[%clk 00:33:35]} {[%emt 00:00:11]} 38.
Nd5 {[%clk 00:33:12]} {[%emt 00:00:57]} Rxf3+ {[%clk 00:33:09]} {[%emt
00:00:56]} 39. Ke4 {[%clk 00:32:44]} {[%emt 00:00:59]} Rh3 {[%clk 00:32:52]}
{[%emt 00:00:46]} 40. Bb2 {[%clk 00:30:45]} {[%emt 00:02:30]} Rg4+ {[%clk
00:32:30]} {[%emt 00:00:52]} 41. Ke5 {[%clk 00:30:21]} {[%emt 00:00:53]} Rxh2
{[%clk 00:32:11]} {[%emt 00:02:25]} 42. Rf1+ {[%clk 00:29:53]} {[%emt
00:00:23]} Kg6 {[%clk 00:31:55]} {[%emt 00:00:46]} 43. Ne7+ {[%clk 00:29:43]}
{[%emt 00:00:39]} Kh5 {[%clk 00:31:35]} {[%emt 00:00:51]} 44. Ba3 {[%clk
00:27:48]} {[%emt 00:02:25]} Re2+ {[%clk 00:31:32]} {[%emt 00:00:33]} 45. Kd6
{[%clk 00:28:00]} {[%emt 00:00:17]} Rxa4 {[%clk 00:31:07]} {[%emt 00:00:56]}
46. Rh1+ {[%clk 00:27:56]} {[%emt 00:00:34]} Rh4 {[%clk 00:31:25]} {[%emt
00:00:12]} 47. Rg1 {[%clk 00:26:42]} {[%emt 00:01:44]} Ree4 {[%clk 00:30:20]}
{[%emt 00:01:33]} 48. Nc6 {[%clk 00:26:10]} {[%emt 00:01:04]} Reg4 {[%clk
00:30:08]} {[%emt 00:00:41]} 49. Rc1 {[%clk 00:24:35]} {[%emt 00:02:06]} Rf4
{[%clk 00:29:56]} {[%emt 00:00:41]} 50. Rc2 {[%clk 00:23:35]} {[%emt 00:01:30]}
Rf6+ {[%clk 00:30:06]} {[%emt 00:00:19]} 51. Ke5 {[%clk 00:23:22]} {[%emt
00:00:43]} Rhf4 {[%clk 00:29:52]} {[%emt 00:00:44]} 52. Ne7 {[%clk 00:22:49]}
{[%emt 00:01:04]} Rf3 {[%clk 00:29:10]} {[%emt 00:01:13]} 53. Ke4 {[%clk
00:22:38]} {[%emt 00:00:40]} R6f4+ {[%clk 00:29:00]} {[%emt 00:00:40]} 54. Kd5
{[%clk 00:18:03]} {[%emt 00:05:06]} Rd3+ {[%clk 00:28:46]} {[%emt 00:00:44]}
55. Ke5 {[%clk 00:17:43]} {[%emt 00:00:50]} Re3+ {[%clk 00:28:11]} {[%emt
00:01:05]} 56. Kd6 {[%clk 00:17:19]} {[%emt 00:00:53]} Rf6+ {[%clk 00:28:14]}
{[%emt 00:00:27]} 57. Kd7 {[%clk 00:17:02]} {[%emt 00:00:47]} Rfe6 {[%clk
00:28:23]} {[%emt 00:00:21]} 58. Rh2+ {[%clk 00:16:41]} {[%emt 00:00:51]} Kg4
{[%clk 00:28:07]} {[%emt 00:00:45]} 59. Nd5 {[%clk 00:15:24]} {[%emt 00:01:48]}
R3e4 {[%clk 00:27:21]} {[%emt 00:01:15]} 60. Nc7 {[%clk 00:12:23]} {[%emt
00:03:32]} Re7+ {[%clk 00:27:34]} {[%emt 00:00:16]} 61. Kd8 {[%clk 00:11:36]}
{[%emt 00:01:18]} h5 {[%clk 00:26:50]} {[%emt 00:01:15]} 62. Rg2+ {[%clk
00:10:02]} {[%emt 00:02:03]} Kf5 {[%clk 00:26:30]} {[%emt 00:00:50]} 63. Rf2+
{[%clk 00:09:21]} {[%emt 00:01:12]} Kg6 {[%clk 00:26:35]} {[%emt 00:00:24]} 64.
Nd5 {[%clk 00:08:40]} {[%emt 00:01:12]} Re8+ {[%clk 00:26:41]} {[%emt
00:00:22]} 65. Kd7 {[%clk 00:08:37]} {[%emt 00:00:34]} h4 {[%clk 00:26:59]}
{[%emt 00:00:13]} 66. Rh2 {[%clk 00:07:58]} {[%emt 00:01:09]} Kh5 {[%clk
00:26:45]} {[%emt 00:00:43]} 67. Bb2 {[%clk 00:06:54]} {[%emt 00:01:34]} g4
{[%clk 00:25:36]} {[%emt 00:01:39]} 68. c4 {[%clk 00:06:18]} {[%emt 00:01:07]}
g3 {[%clk 00:25:06]} {[%emt 00:01:00]} 69. Rg2 {[%clk 00:06:11]} {[%emt
00:00:36]} Kg4 {[%clk 00:24:11]} {[%emt 00:01:26]} 70. Bxg7 {[%clk 00:05:11]}
{[%emt 00:01:29]} Re2 {[%clk 00:24:04]} {[%emt 00:00:38]} 71. Rg1 {[%clk
00:04:03]} {[%emt 00:01:37]} h3 {[%clk 00:24:08]} {[%emt 00:00:26]} 72. Nf6+
{[%clk 00:04:14]} {[%emt 00:00:19]} Kf3 {[%clk 00:24:19]} {[%emt 00:00:19]} 73.
Nxe8 {[%clk 00:03:05]} {[%emt 00:01:39]} h2 {[%clk 00:23:42]} {[%emt 00:01:08]}
74. Rh1 {[%clk 00:03:21]} {[%emt 00:00:14]} g2 {[%clk 00:23:42]} {[%emt
00:00:30]} 75. Rxh2 {[%clk 00:03:45]} {[%emt 00:00:05]} g1=Q {[%clk 00:23:56]}
{[%emt 00:00:16]} 76. Rxe2 {[%clk 00:04:10]} {[%emt 00:00:05]} Kxe2 {[%clk
00:24:09]} {[%emt 00:00:17]} 77. Ke6 {[%clk 00:04:13]} {[%emt 00:00:27]} Qe3+
{[%clk 00:24:20]} {[%emt 00:00:20]} 78. Be5 {[%clk 00:04:31]} {[%emt 00:00:12]}
Qb3 {[%clk 00:24:08]} {[%emt 00:00:38]} 79. Nd6 {[%clk 00:04:47]} {[%emt
00:00:18]} a5 {[%clk 00:24:09]} {[%emt 00:00:29]} 80. bxa6 {[%clk 00:05:02]}
{[%emt 00:00:14]} Qa4 {[%clk 00:24:20]} {[%emt 00:00:18]} 81. a7 {[%clk
00:04:51]} {[%emt 00:00:43]} Qxa7 {[%clk 00:24:41]} {[%emt 00:00:09]} 82. Nb5
{[%clk 00:05:02]} {[%emt 00:00:19]} Qh7 {[%clk 00:24:17]} {[%emt 00:00:51]} 83.
Nd6 {[%clk 00:05:03]} {[%emt 00:00:32]} Qg8+ {[%clk 00:23:53]} {[%emt
00:00:53]} 84. Nf7 {[%clk 00:05:22]} {[%emt 00:00:11]} Qe8+ {[%clk 00:24:13]}
{[%emt 00:00:10]} 85. Kf6 {[%clk 00:05:40]} {[%emt 00:00:12]} Kd3 {[%clk
00:23:57]} {[%emt 00:00:46]} 86. Nd6 {[%clk 00:05:54]} {[%emt 00:00:17]} Qd8+
{[%clk 00:23:52]} {[%emt 00:00:35]} 87. Ke6 {[%clk 00:06:04]} {[%emt 00:00:20]}
Qg8+ {[%clk 00:23:27]} {[%emt 00:00:53]} 88. Kd7 {[%clk 00:06:13]} {[%emt
00:00:23]} Qg4+ {[%clk 00:23:22]} {[%emt 00:00:34]} 89. Kc6 {[%clk 00:06:19]}
{[%emt 00:00:25]} Qe6 {[%clk 00:22:18]} {[%emt 00:01:31]} 90. Bf4 {[%clk
00:06:25]} {[%emt 00:00:27]} Qf6 {[%clk 00:21:19]} {[%emt 00:01:28]} 91. Bg3
{[%clk 00:06:40]} {[%emt 00:00:15]} Qf3+ {[%clk 00:20:55]} {[%emt 00:00:53]}
92. Kxb6 {[%clk 00:06:51]} {[%emt 00:00:20]} Qxg3 {[%clk 00:20:57]} {[%emt
00:00:29]} 93. Kxc5 {[%clk 00:07:17]} {[%emt 00:00:04]} Qe5+ {[%clk 00:21:12]}
{[%emt 00:00:14]} 94. Kc6 {[%emt 00:00:45]} Kd4 {[%clk 00:21:05]} 95. Kc7
{[%clk 00:07:12]} {[%emt 00:00:57]} Kc5 {[%clk 00:20:50]} {[%emt 00:00:45]} 96.
Kd7 {[%clk 00:07:15]} {[%emt 00:00:28]} Qxd6+ {[%clk 00:21:05]} {[%emt
00:00:14]} 97. Ke8 {[%clk 00:07:35]} {[%emt 00:00:10]} Kxc4 {[%clk 00:21:27]}
{[%emt 00:00:08]} 98. Kf7 {[%clk 00:07:53]} {[%emt 00:00:12]} Qe5 {[%clk
00:21:51]} {[%emt 00:00:06]} 99. Kf8 {[%clk 00:08:13]} {[%emt 00:00:11]} Qe6
{[%clk 00:22:10]} {[%emt 00:00:10]} 100. Kg7 {[%clk 00:08:29]} {[%emt
00:00:14]} Kd5 {[%clk 00:22:27]} {[%emt 00:00:13]} 101. Kh7 {[%clk 00:08:41]}
{[%emt 00:00:18]} Qf6 {[%clk 00:22:40]} {[%emt 00:00:17]} 102. Kg8 {[%clk
00:09:01]} {[%emt 00:00:10]} Ke6 {[%clk 00:23:04]} {[%emt 00:00:06]} 103. Kh7
{[%clk 00:09:24]} {[%emt 00:00:07]} Qg5 {[%clk 00:22:50]} {[%emt 00:00:44]}
104. Kh8 {[%clk 00:09:05]} {[%emt 00:00:50]} Kf7 {[%clk 00:23:10]} {[%emt
00:00:09]} 105. Kh7 {[%clk 00:09:22]} {[%emt 00:00:13]} Qh5 {[%clk 00:23:34]}
{[%emt 00:00:06]} 0-1